[Event "Jastrzebie Zdroj op 4th"]
[Site "Jastrzebie Zdroj"]
[Date "2021.11.08"]
[Round "3"]
[White "Kubiniok, Stanislaw"]
[Black "Radzimski, Antoni"]
[Result "0-1"]
[WhiteElo "1318"]
[BlackElo "1581"]
[PlyCount "70"]
[EventDate "2021.11.07"]
[EventType "swiss"]
[EventRounds "9"]
[EventCountry "POL"]
[SourceTitle "CBM 205 Extra"]
[Source "ChessBase"]
[SourceDate "2022.01.31"]
[SourceVersion "1"]
[SourceVersionDate "2022.01.31"]
[SourceQuality "1"]

1. d4 d5 2. Nf3 Nf6 3. c4 e6 4. Nc3 c6 5. cxd5 exd5 6. e3 Bf5 7. Bd3 Bg6 8. Bxg6 hxg6 9. Ne5 Nbd7 10. Nxd7 Qxd7 11. h3 Bd6 12. Bd2 Bc7 13. Rc1 Rc8 14. Qc2 0-0 15. Na4 Bd6 16. Nc3 Bc7 17. Na4 Ne4 18. Nc5 Nxc5 19. Qxc5 a6 20. Bb4 Rfe8 21. 0-0 g5 22. Qc2 g4 23. h4 g3 24. Qe2 gxf2+ 25. Qxf2 Re6 26. Qf3 Rf6 27. Qe2 Rg6 28. Rf3 Qg4 29. Be1 Re8 30. Qf1 f5 31. Rc2 f4 32. exf4 Bb6 33. Bf2 Qxf3 34. g3 Bxd4 35. Bxd4 Rxg3+ 0-1

[Event "Jastrzebie Zdroj op 4th"]
[Site "Jastrzebie Zdroj"]
[Date "2021.11.07"]
[Round "1"]
[White "Kubiniok, Stanislaw"]
[Black "Piechota, Kamil"]
[Result "0-1"]
[WhiteElo "1318"]
[BlackElo "1752"]
[PlyCount "94"]
[EventDate "2021.11.07"]
[EventType "swiss"]
[EventRounds "9"]
[EventCountry "POL"]
[SourceTitle "CBM 205 Extra"]
[Source "ChessBase"]
[SourceDate "2022.01.31"]
[SourceVersion "1"]
[SourceVersionDate "2022.01.31"]
[SourceQuality "1"]

1. d4 Nf6 2. Nf3 e6 3. c4 d5 4. Nc3 c6 5. cxd5 exd5 6. e3 Bd6 7. Be2 Bf5 8. Nh4 Be6 9. Qb3 Qc7 10. Nf3 Nbd7 11. h3 Ne4 12. Bd3 Ndf6 13. Qc2 Bf5 14. Bxe4 Nxe4 15. 0-0 Ng3 16. e4 Bxe4 17. Nxe4 Nxe4 18. Re1 0-0 19. Be3 Rfe8 20. Rac1 Re7 21. a3 Rae8 22. Rb1 a6 23. b4 Bf4 24. Rb3 Bxe3 25. Rbxe3 Nd6 26. Ng5 g6 27. Qc1 Nc4 28. Rxe7 Rxe7 29. Rd1 Qd6 30. Nf3 Kg7 31. Nh2 f6 32. Ng4 g5 33. g3 h5 34. Nh2 Qe6 35. g4 Re8 36. Qc3 Qe2 37. Rf1 Re4 38. gxh5 Qxh5 39. Re1 Qe8 40. Rf1 Qb8 41. Ng4 Qf4 42. Kg2 Qd2 43. Qf3 Rf4 44. Qc3 Qxd4 45. Qg3 Qe4+ 46. Kg1 Qf3 47. Qh2 f5 0-1

[Event "Karvina op"]
[Site "Karvina"]
[Date "2016.07.07"]
[Round "6"]
[White "Nespor, Ivan"]
[Black "Kubiniok, Stanislaw"]
[Result "1-0"]
[WhiteElo "1772"]
[BlackElo "1336"]
[PlyCount "93"]
[EventDate "2016.07.02"]
[EventType "swiss"]
[EventRounds "9"]
[EventCountry "CZE"]
[SourceTitle "EXT 2017"]
[Source "ChessBase"]
[SourceDate "2016.10.25"]
[SourceVersion "1"]
[SourceVersionDate "2016.10.25"]
[SourceQuality "1"]

1. Nf3 d5 2. d4 Bg4 3. Bf4 c6 4. e3 Nf6 5. h3 Bf5 6. Bd3 Bxd3 7. Qxd3 Nbd7 8. Nbd2 e6 9. 0-0 c5 10. c3 Be7 11. b3 0-0 12. Rfe1 Nh5 13. Bh2 Re8 14. Qb5 b6 15. Ne5 Nxe5 16. Bxe5 Bd6 17. Bxd6 Qxd6 18. Nf3 cxd4 19. cxd4 a6 20. Qd3 b5 21. Rec1 Rac8 22. Rc2 Rc7 23. a3 Rec8 24. Rac1 g6 25. b4 Nf6 26. Ne5 Nd7 27. Nxd7 Qxd7 28. Rc5 Qd6 29. R1c3 Qb6 30. Qc2 Rxc5 31. Rxc5 Rxc5 32. dxc5 Qc6 33. Qc3 h5 34. Qe5 Kf8 35. g4 hxg4 36. hxg4 Ke7 37. g5 Kd7 38. Kh2 Qc7 39. Qxc7+ Kxc7 40. f4 Kc6 41. Kg3 Kd7 42. Kf3 Kc6 43. e4 Kd7 44. Ke3 Ke7 45. Kd4 f6 46. gxf6+ Kxf6 47. exd5 1-0

[Event "Karvina op"]
[Site "Karvina"]
[Date "2016.07.04"]
[Round "3"]
[White "Kubiniok, Stanislaw"]
[Black "Hurta, Jiri"]
[Result "1-0"]
[WhiteElo "1336"]
[BlackElo "1798"]
[PlyCount "106"]
[EventDate "2016.07.02"]
[EventType "swiss"]
[EventRounds "9"]
[EventCountry "CZE"]
[SourceTitle "EXT 2017"]
[Source "ChessBase"]
[SourceDate "2016.10.25"]
[SourceVersion "1"]
[SourceVersionDate "2016.10.25"]
[SourceQuality "1"]

1. d4 Nf6 2. Nf3 g6 3. Bf4 Bg7 4. e3 c5 5. c3 Qb6 6. Qc2 Nc6 7. Bd3 d6 8. Nbd2 Nh5 9. Nc4 Qc7 10. Bg5 e5 11. d5 Ne7 12. e4 Nf4 13. Bxf4 exf4 14. h3 b5 15. Ncd2 c4 16. Be2 f5 17. 0-0 0-0 18. Ng5 fxe4 19. Qxe4 Bf5 20. Ne6 Qc8 21. Qf3 Bxe6 22. dxe6 Qxe6 23. Rfe1 Be5 24. Bf1 Kh8 25. a4 Rac8 26. axb5 Rc7 27. Qe4 Rfc8 28. Nf3 Rc5 29. Rxa7 Rxb5 30. Ra8 Rbc5 31. Rxc8+ Qxc8 32. Nd2 Qb8 33. Nxc4 Nf5 34. b4 Rb5 35. Ra1 Kg7 36. Qc6 Bxc3 37. Nxd6 Bxa1 38. Ne8+ Qxe8 39. Qxe8 Rxb4 40. Qd7+ Kh6 41. Qd2 Rb7 42. Qxf4+ Kg7 43. g4 Nh6 44. Qe4 Rc7 45. Bc4 Rd7 46. Bd3 Bf6 47. f4 Nf7 48. g5 Bd4+ 49. Kg2 Kf8 50. h4 Rd6 51. f5 Ne5 52. f6 Kf7 53. Bc4+ Nxc4 1-0

[Event "Orlova op 13th"]
[Site "Orlova"]
[Date "2016.05.25"]
[Round "5"]
[White "Kubiniok, Stanislaw"]
[Black "Ivanovic, Marko"]
[Result "1-0"]
[WhiteElo "1313"]
[BlackElo "1924"]
[PlyCount "91"]
[EventDate "2016.05.21"]
[EventType "swiss"]
[EventRounds "9"]
[EventCountry "CZE"]
[SourceTitle "EXT 2017"]
[Source "ChessBase"]
[SourceDate "2016.10.25"]
[SourceVersion "1"]
[SourceVersionDate "2016.10.25"]
[SourceQuality "1"]

1. d4 f5 2. Nf3 Nf6 3. Bg5 Ne4 4. Bf4 e6 5. Nbd2 d5 6. Nxe4 fxe4 7. Ne5 Bd6 8. e3 0-0 9. Qg4 c5 10. 0-0-0 cxd4 11. exd4 Nc6 12. Qg3 Qf6 13. Be3 Nxe5 14. Bg5 Qxf2 15. dxe5 Qxg3 16. hxg3 Bxe5 17. g4 Bf4+ 18. Bxf4 Rxf4 19. Be2 Rf2 20. Bf1 Bd7 21. c3 Raf8 22. g3 e3 23. Re1 e5 24. Bd3 e4 25. Be2 a6 26. Kc2 Bb5 27. Kd1 Rxe2 28. Rxe2 Bxe2+ 29. Kxe2 Rf3 30. Rd1 Rxg3 31. Rxd5 Rxg4 32. Kxe3 Rg2 33. Rd8+ Kf7 34. Rd7+ Kf6 35. Rxb7 Kf5 36. a4 h5 37. c4 g5 38. c5 Rc2 39. b4 a5 40. bxa5 Rxc5 41. Rb5 Rxb5 42. axb5 g4 43. b6 g3 44. b7 Kg4 45. b8Q h4 46. Qc8+ 1-0

[Event "Karvina op"]
[Site "Karvina"]
[Date "2015.07.05"]
[Round "9"]
[White "Hurta, Jiri"]
[Black "Kubiniok, Stanislaw"]
[Result "1/2-1/2"]
[WhiteElo "1853"]
[BlackElo "1436"]
[PlyCount "79"]
[EventDate "2015.06.27"]
[EventType "swiss"]
[EventRounds "9"]
[EventCountry "CZE"]
[SourceTitle "CBM 167 Extra"]
[Source "ChessBase"]
[SourceDate "2015.09.14"]
[SourceVersion "1"]
[SourceVersionDate "2015.09.14"]
[SourceQuality "1"]

1. Nf3 d5 2. g3 Nf6 3. c4 c6 4. Bg2 Bf5 5. b3 e6 6. 0-0 Bd6 7. Bb2 0-0 8. d3 Re8 9. Nbd2 Nbd7 10. Re1 Qc7 11. e4 Bg4 12. h3 Bxf3 13. Nxf3 Bb4 14. Re2 dxe4 15. dxe4 Rad8 16. Qc2 h6 17. e5 Nh7 18. a3 Be7 19. b4 Rc8 20. c5 Nhf8 21. h4 b6 22. cxb6 Qxb6 23. Qa4 c5 24. b5 Rb8 25. Ne1 Qxb5 26. Qxb5 Rxb5 27. Bc6 Rb6 28. Ba4 Reb8 29. Bc3 f6 30. Nd3 fxe5 31. Nxe5 Nxe5 32. Bxe5 Rb1+ 33. Rxb1 Rxb1+ 34. Kg2 Kf7 35. h5 Bf6 36. Bc2 Rb6 37. Bc7 Rb7 38. Ba5 Rb5 39. Bc7 Rb7 40. Ba5 1/2-1/2

[Event "Karvina op"]
[Site "Karvina"]
[Date "2015.07.02"]
[Round "6"]
[White "Kubiniok, Stanislaw"]
[Black "Krajcovic, Filip"]
[Result "1/2-1/2"]
[WhiteElo "1436"]
[BlackElo "1689"]
[PlyCount "76"]
[EventDate "2015.06.27"]
[EventType "swiss"]
[EventRounds "9"]
[EventCountry "CZE"]
[SourceTitle "CBM 167 Extra"]
[Source "ChessBase"]
[SourceDate "2015.09.14"]
[SourceVersion "1"]
[SourceVersionDate "2015.09.14"]
[SourceQuality "1"]

1. d4 Nf6 2. Nf3 d5 3. Bf4 Bg4 4. e3 e6 5. h3 Bh5 6. Be2 Bb4+ 7. c3 Be7 8. Nbd2 0-0 9. Rc1 Nbd7 10. c4 c6 11. 0-0 dxc4 12. Bxc4 Nd5 13. Bg3 N7b6 14. Bd3 Bb4 15. Qb3 Be7 16. a3 g5 17. Nh2 f5 18. f4 Bf7 19. Rce1 e5 20. Bxf5 gxf4 21. exf4 exf4 22. Bf2 Ne3 23. Qd3 Nxf1 24. Bxh7+ Kh8 25. Rxf1 Bd5 26. Nhf3 Rf7 27. Bf5 Qf8 28. Bg4 Rg7 29. Ne5 Qg8 30. Re1 Bf6 31. Ndf3 Re8 32. Qf5 Qh7 33. Qxf6 Bxf3 34. Bxf3 Nd7 35. Ng6+ Qxg6 36. Rxe8+ Qxe8 37. Qxf4 Qf7 38. Qh4+ Rh7 1/2-1/2

[Event "Karvina op"]
[Site "Karvina"]
[Date "2015.07.01"]
[Round "5"]
[White "Koci, Tomas"]
[Black "Kubiniok, Stanislaw"]
[Result "1-0"]
[WhiteElo "1696"]
[BlackElo "1436"]
[PlyCount "53"]
[EventDate "2015.06.27"]
[EventType "swiss"]
[EventRounds "9"]
[EventCountry "CZE"]
[SourceTitle "CBM 167 Extra"]
[Source "ChessBase"]
[SourceDate "2015.09.14"]
[SourceVersion "1"]
[SourceVersionDate "2015.09.14"]
[SourceQuality "1"]

1. e4 c6 2. d4 d5 3. Nc3 dxe4 4. Nxe4 Nd7 5. Nf3 Ngf6 6. Nxf6+ Nxf6 7. c3 e6 8. Bd3 Be7 9. 0-0 Qc7 10. Re1 b6 11. Qc2 h6 12. Ne5 Bb7 13. f4 Rc8 14. Qf2 c5 15. Bb5+ Kf8 16. Be3 a6 17. Bd3 Ne4 18. Bxe4 Bxe4 19. dxc5 bxc5 20. Rad1 Qa5 21. Bxc5 Bxc5 22. Rxe4 Re8 23. b4 Qa4 24. Rd3 f6 25. Ng6+ Kf7 26. Nxh8+ Rxh8 27. Rd2 1-0

[Event "Karvina op"]
[Site "Karvina"]
[Date "2014.07.06"]
[Round "9"]
[White "Kubiniok, Stanislaw"]
[Black "Broda, Michal"]
[Result "0-1"]
[WhiteElo "1527"]
[BlackElo "1804"]
[PlyCount "40"]
[EventDate "2014.06.28"]
[EventType "swiss"]
[EventRounds "9"]
[EventCountry "CZE"]
[SourceTitle "CBM 161 Extra"]
[Source "ChessBase"]
[SourceDate "2014.08.29"]
[SourceVersion "1"]
[SourceVersionDate "2014.08.29"]
[SourceQuality "1"]

1. d4 Nf6 2. c4 e5 3. dxe5 Ng4 4. Nf3 Nc6 5. Bf4 Bb4+ 6. Nc3 Bxc3+ 7. bxc3 Qe7 8. Qd5 Qa3 9. Qd2 Qa5 10. h3 Ngxe5 11. Nxe5 Nxe5 12. Qe3 d6 13. c5 0-0 14. cxd6 cxd6 15. Qd4 Be6 16. Qb4 Qc7 17. g4 Rac8 18. Bd2 Bd5 19. f3 Rfe8 20. Bg2 Nd3+ 0-1

[Event "Karvina op"]
[Site "Karvina"]
[Date "2014.07.02"]
[Round "5"]
[White "Kubiniok, Stanislaw"]
[Black "Kutalek, Jan"]
[Result "0-1"]
[WhiteElo "1527"]
[BlackElo "1707"]
[PlyCount "86"]
[EventDate "2014.06.28"]
[EventType "swiss"]
[EventRounds "9"]
[EventCountry "CZE"]
[SourceTitle "CBM 161 Extra"]
[Source "ChessBase"]
[SourceDate "2014.08.29"]
[SourceVersion "1"]
[SourceVersionDate "2014.08.29"]
[SourceQuality "1"]

1. d4 d5 2. c4 c6 3. cxd5 cxd5 4. Nc3 Nf6 5. Bf4 e6 6. e3 Bb4 7. Qc2 Nc6 8. Bd3 Bd7 9. Nf3 Rc8 10. a3 Bxc3+ 11. bxc3 Na5 12. 0-0 0-0 13. Rfc1 Nc4 14. Ne5 b5 15. Nxc4 bxc4 16. Be2 Qa5 17. Bd1 Rc6 18. f3 Nh5 19. Qa4 Qxa4 20. Bxa4 Nxf4 21. exf4 Rd6 22. Bxd7 Rxd7 23. Rcb1 Rc8 24. Rb4 Kf8 25. Rab1 Ke7 26. a4 Kd6 27. Kf2 Kc6 28. Ke2 Rcc7 29. Ke3 Rb7 30. f5 Rxb4 31. Rxb4 exf5 32. Kf4 Re7 33. h4 Re2 34. g3 Rc2 35. Kxf5 Rxc3 36. Kg4 Rd3 37. a5 Rxd4+ 38. f4 Rd3 39. a6 Rb3 40. Ra4 c3 41. Ra1 c2 42. Rc1 Rc3 43. Kf5 d4 0-1

[Event "Orlova op-A 11th"]
[Site "Orlova"]
[Date "2014.05.31"]
[Round "6"]
[White "Adamczyk, Martin"]
[Black "Kubiniok, Stanislaw"]
[Result "0-1"]
[WhiteElo "1482"]
[BlackElo "1546"]
[PlyCount "70"]
[EventDate "2014.05.26"]
[EventType "swiss"]
[EventRounds "9"]
[EventCountry "CZE"]
[SourceTitle "CBM 160 Extra"]
[Source "ChessBase"]
[SourceDate "2014.07.01"]
[SourceVersion "1"]
[SourceVersionDate "2014.07.01"]
[SourceQuality "1"]

1. e4 e6 2. d4 d5 3. exd5 exd5 4. Bd3 Nf6 5. Nf3 Bg4 6. 0-0 Be7 7. Bg5 0-0 8. c3 h6 9. Bh4 Nbd7 10. Nbd2 c5 11. dxc5 Bxc5 12. b4 Bd6 13. h3 Bh5 14. Qc2 Qc7 15. Rac1 Rac8 16. a3 Bxf3 17. Nxf3 g5 18. Bxg5 hxg5 19. Nxg5 Bf4 20. Nf3 Bxc1 21. Qxc1 Ne5 22. Qd2 Nxf3+ 23. gxf3 Qe5 24. Re1 Qh5 25. Kh2 Rfe8 26. Rg1+ Kf8 27. Qf4 Qe5 28. Qxe5 Rxe5 29. Rc1 Nh5 30. a4 Nf4 31. Bf1 d4 32. c4 d3 33. c5 d2 34. Rd1 Rd8 35. Kg3 Ne6 0-1

[Event "Karvina op"]
[Site "Karvina"]
[Date "2013.07.03"]
[Round "5"]
[White "Borovicka, Bohumil"]
[Black "Kubiniok, Stanislaw"]
[Result "1-0"]
[WhiteElo "2000"]
[BlackElo "1563"]
[PlyCount "83"]
[EventDate "2013.06.29"]
[EventType "swiss"]
[EventRounds "9"]
[EventCountry "CZE"]
[SourceTitle "CBM 155 Extra"]
[Source "ChessBase"]
[SourceDate "2013.08.26"]
[SourceVersion "1"]
[SourceVersionDate "2013.08.26"]
[SourceQuality "1"]

1. d4 d5 2. Bf4 Nf6 3. e3 Bf5 4. c4 c6 5. Nc3 e6 6. Qb3 Qb6 7. c5 Qxb3 8. axb3 Be7 9. b4 Nbd7 10. b5 0-0 11. bxc6 bxc6 12. Nf3 a5 13. Be2 Nh5 14. Bc7 Bd8 15. Bd6 Re8 16. Ne5 Nhf6 17. Nxc6 Ne4 18. Nxe4 Bxe4 19. 0-0 Bf6 20. f4 g5 21. Bb5 gxf4 22. Bxf4 Kh8 23. Rf2 Rg8 24. Nxa5 e5 25. Bg3 Bg5 26. Bxd7 Bxe3 27. Bxe5+ Rg7 28. Bxg7+ Kxg7 29. Nb3 Rb8 30. Ra3 Rb4 31. Kf1 Bd3+ 32. Ke1 Bxf2+ 33. Kxf2 Rc4 34. Ke3 Be4 35. Nd2 Rc2 36. Nxe4 dxe4 37. Bh3 Rxb2 38. Kxe4 Kf6 39. Kd5 Rb5 40. Kc6 Rb4 41. d5 Rb8 42. Rf3+ 1-0

[Event "Karvina op"]
[Site "Karvina"]
[Date "2012.07.07"]
[Round "8"]
[White "Stetz, Jan"]
[Black "Kubiniok, Stanislaw"]
[Result "1-0"]
[WhiteElo "1703"]
[BlackElo "1533"]
[PlyCount "49"]
[EventDate "2012.06.30"]
[EventType "swiss"]
[EventRounds "9"]
[EventCountry "CZE"]
[SourceTitle "EXT 2014"]
[Source "ChessBase"]
[SourceDate "2013.11.20"]
[SourceVersion "1"]
[SourceVersionDate "2013.11.20"]
[SourceQuality "1"]

1. d4 Nf6 2. c4 b6 3. Nc3 Bb7 4. Nf3 e6 5. e3 Be7 6. Be2 d5 7. 0-0 0-0 8. Re1 Nbd7 9. cxd5 Nxd5 10. Bd3 f5 11. Qc2 N5f6 12. b3 a6 13. Bb2 Rc8 14. Rac1 a5 15. a4 Bxf3 16. gxf3 Qe8 17. Qe2 Qh5 18. f4 Qh3 19. f3 Bb4 20. Qg2 Qh6 21. Qg5 Qh3 22. Rf1 c5 23. d5 Nxd5 24. Nxd5 Qh6 25. Ne7+ 1-0

[Event "Karvina op"]
[Site "Karvina"]
[Date "2012.06.30"]
[Round "1"]
[White "Neumann, Joachim"]
[Black "Kubiniok, Stanislaw"]
[Result "1-0"]
[WhiteElo "2118"]
[BlackElo "1533"]
[PlyCount "71"]
[EventDate "2012.06.30"]
[EventType "swiss"]
[EventRounds "9"]
[EventCountry "CZE"]
[SourceTitle "EXT 2014"]
[Source "ChessBase"]
[SourceDate "2013.11.20"]
[SourceVersion "1"]
[SourceVersionDate "2013.11.20"]
[SourceQuality "1"]

1. d4 Nf6 2. c4 b6 3. d5 d6 4. Nc3 e6 5. Nf3 Be7 6. g3 0-0 7. Bg2 a6 8. 0-0 Re8 9. dxe6 Bxe6 10. b3 Ra7 11. Bb2 Nbd7 12. Nd4 Nf8 13. Nc6 Qd7 14. Nxa7 Bh3 15. Nc6 Bxg2 16. Nxe7+ Qxe7 17. Kxg2 Ng6 18. Nd5 Nxd5 19. Qxd5 h6 20. Rae1 Qd7 21. h3 Nf8 22. e4 Ne6 23. f4 f6 24. f5 c6 25. fxe6 Rxe6 26. Qf5 Qe8 27. Bd4 c5 28. Bc3 b5 29. Qd5 Kh8 30. cxb5 axb5 31. a4 b4 32. Bb2 h5 33. g4 hxg4 34. hxg4 Qd7 35. Re3 Kg8 36. Bxf6 1-0

[Event "Orlova op 9th"]
[Site "Orlova"]
[Date "2012.05.21"]
[Round "1.20"]
[White "Kubiniok, Stanislaw"]
[Black "Szotkowski, Jakub"]
[Result "0-1"]
[WhiteElo "1511"]
[BlackElo "2063"]
[PlyCount "70"]
[EventDate "2012.05.21"]
[EventType "swiss"]
[EventRounds "7"]
[EventCountry "CZE"]
[SourceTitle "CBM 148 Extra"]
[Source "ChessBase"]
[SourceDate "2012.06.22"]
[SourceVersion "1"]
[SourceVersionDate "2012.06.22"]
[SourceQuality "1"]

1. d4 Nf6 2. c4 c5 3. e3 g6 4. Nf3 Bg7 5. Nc3 0-0 6. Bd3 cxd4 7. exd4 d5 8. 0-0 Nc6 9. Be3 b6 10. Rc1 Bb7 11. a3 e6 12. Qd2 Na5 13. Qe2 Nxc4 14. Bxc4 dxc4 15. Qxc4 Bxf3 16. gxf3 Rc8 17. Qa6 Qd7 18. Nb5 Nd5 19. Rfe1 h5 20. Nc3 Ne7 21. Rcd1 Nf5 22. Qb5 Qb7 23. Ne4 Rfd8 24. Qb4 Nh4 25. Bg5 Nxf3+ 26. Kf1 Qa6+ 27. Kg2 Nxe1+ 28. Rxe1 Rxd4 29. Qe7 Qa5 30. Re3 Qd5 31. f3 Rd1 32. Nf6+ Bxf6 33. Qxf6 Rc2+ 34. Kg3 Rg1+ 35. Kh4 Rxh2# 0-1

[Event "Karvina op"]
[Site "Karvina"]
[Date "2011.07.05"]
[Round "4"]
[White "Urbanik, Lukas"]
[Black "Kubiniok, Stanislaw"]
[Result "1-0"]
[WhiteElo "1887"]
[BlackElo "1652"]
[PlyCount "91"]
[EventDate "2011.07.02"]
[EventType "swiss"]
[EventRounds "9"]
[EventCountry "CZE"]
[SourceTitle "CBM 143 Extra"]
[Source "ChessBase"]
[SourceDate "2011.08.29"]
[SourceVersion "1"]
[SourceVersionDate "2011.08.29"]
[SourceQuality "1"]

1. e4 c6 2. d4 d5 3. f3 Nf6 4. e5 Nfd7 5. f4 e6 6. Nf3 c5 7. Nc3 cxd4 8. Nxd4 a6 9. Be3 Nc6 10. Be2 Be7 11. 0-0 Qc7 12. Bf3 Nb6 13. Bf2 Bd7 14. Rc1 Rc8 15. Kh1 Nc4 16. b3 Nb6 17. Nb1 Nb4 18. c3 Nc6 19. Qd2 0-0 20. Rc2 f6 21. exf6 Bxf6 22. Rfc1 Na8 23. c4 Nxd4 24. Bxd4 dxc4 25. Rxc4 Qb8 26. Bxf6 Rxc4 27. Rxc4 Bb5 28. Be5 Qe8 29. Rd4 Qg6 30. Nc3 Bc6 31. Bxc6 bxc6 32. Rd7 Rf7 33. Rd8+ Rf8 34. Rxf8+ Kxf8 35. Qd8+ Qe8 36. Qxe8+ Kxe8 37. Na4 g6 38. Kg1 Kd7 39. Kf2 Nc7 40. Bxc7 Kxc7 41. Ke3 Kd6 42. Kd4 h6 43. g4 g5 44. fxg5 hxg5 45. Nb6 c5+ 46. Ke4 1-0

[Event "Karvina op"]
[Site "Karvina"]
[Date "2011.07.04"]
[Round "3"]
[White "Kubiniok, Stanislaw"]
[Black "Trombik, Karel"]
[Result "0-1"]
[WhiteElo "1652"]
[BlackElo "2035"]
[PlyCount "112"]
[EventDate "2011.07.02"]
[EventType "swiss"]
[EventRounds "9"]
[EventCountry "CZE"]
[SourceTitle "CBM 143 Extra"]
[Source "ChessBase"]
[SourceDate "2011.08.29"]
[SourceVersion "1"]
[SourceVersionDate "2011.08.29"]
[SourceQuality "1"]

1. d4 d5 2. c4 dxc4 3. Qa4+ c6 4. Qxc4 Nf6 5. Nc3 Bf5 6. Bg5 Nbd7 7. e3 h6 8. Bh4 Bh7 9. Qb3 Qc8 10. Rd1 e6 11. Nf3 Bd6 12. Bc4 Nd5 13. 0-0 0-0 14. Rfe1 Re8 15. e4 N5b6 16. Bd3 Bf8 17. e5 Bxd3 18. Rxd3 Nd5 19. Nd2 Nf4 20. Rf3 Ng6 21. Bg3 Nb6 22. Nde4 Rd8 23. Ne2 Qd7 24. h4 Qd5 25. Nd2 Ne7 26. Qxd5 Rxd5 27. h5 Nf5 28. Rd3 Rad8 29. Rd1 c5 30. Nf3 cxd4 31. Nf4 R5d7 32. Bh4 Nxh4 33. Nxh4 Nc4 34. Rb3 Nxe5 35. Nd3 Nxd3 36. Rbxd3 Be7 37. Nf3 Bf6 38. Nd2 Rd5 39. g4 Be7 40. Kg2 e5 41. Nc4 R8d7 42. Ne3 Rb5 43. b3 Rc7 44. a4 Rbc5 45. Nf5 Bf8 46. f4 g6 47. hxg6 fxg6 48. Nh4 g5 49. fxg5 hxg5 50. Nf3 e4 51. Rxd4 exf3+ 52. Kxf3 Rc3+ 53. Ke4 Rxb3 54. Kf5 Rc5+ 55. Kg6 Rb6+ 56. Kh5 Rh6# 0-1